| 000 | 01086cam a2200229 4500 | ||
|---|---|---|---|
| 001 | ABS65980 | ||
| 008 | 020920n2002 000 0 eng u | ||
| 035 | _a(Sirsi) u119756 | ||
| 100 | _aWebber, G | ||
| 245 | _aNot 'adverse' possession | ||
| 260 | _c2002 | ||
| 490 |
_aSolicitors' Journal _v 146(28) 19 July 2002, 652-653(2) |
||
| 520 | _aReports on the House of Lords' decision in "J A Pye(Oxford) Ltd v Graham" which examined whether a trespasser 'possessed' the land for the requisite period using the ordinary meaning of the word. Decision concluded that even if a person is in possession with the consent of the owner, he does not have sufficient possession for the purposes of the Limitation Act 1980. However, the Land Registration Act 2002, which comes into force in 2003, will radically change this position. | ||
| 590 | _aABS | ||
| 650 | _aJA PYE (OXFORD) LTD V GRAHAM | ||
| 650 | _aLIMITATION ACT 1980 | ||
| 650 | _aADVERSE POSSESSION | ||
| 650 | _aSQUATTERS | ||
| 650 | _aLAND REGISTRATION ACT 2002 | ||
| 690 | _aPROPERTY AND LAND LAW-CASE LAW | ||
| 942 | _n0 | ||
| 999 |
_c71183 _d71183 |
||